| 000 | 01102nam a2200313 a 4500 | ||
|---|---|---|---|
| 001 | 000110868 | ||
| 003 | CHAP | ||
| 005 | 20220329144148.0 | ||
| 008 | 141014s1991 mx d |r| ||0|||spa d | ||
| 010 | _a107330 | ||
| 011 | _a108302 | ||
| 040 | _cCHAP | ||
| 082 | 0 | 4 |
_a631.5097241 _bR27 |
| 245 | 0 | 0 |
_aReporte del viaje de estudio realizado a la comunidad de Franco Tavera, mpio. de Juventino Rosas: Guanajuato, México. / _ccoordinado por José Juan Morales Parada. |
| 260 |
_aChapingo, Méx. : _bUACH. Preparatoria Agricola, _c1991. |
||
| 300 |
_a139 h. : _bgrásf, cuadros. |
||
| 590 |
_aE11695DGD _b10 _c20141020 _lUCH01 _h0935 |
||
| 590 |
_aE11695DGD _b10 _c20141020 _lUCH01 _h0936 |
||
| 590 |
_aE11695DGD _b10 _c20141109 _lUCH01 _h1315 |
||
| 590 |
_aE5652GLJ _b05 _c20141014 _lUCH01 _h1120 |
||
| 650 | 1 | 4 |
_aAgricultura _zGuanajuato. _91927 |
| 650 | 1 | 4 |
_aCultivos _xGuanajuato. _930278 |
| 650 | 1 | 4 |
_aCultivos _xRendimiento. _930318 |
| 651 | 4 |
_aGuanajuato _xViajes de estudio. _9128595 |
|
| 700 | 0 |
_aMorales Parada, José Juan Trinidad _ecoord. _978372 |
|
| 901 | _aBK | ||
| 942 | _cLIBRO | ||
| 942 | _n0 | ||
| 999 |
_c107330 _d107330 |
||